Cartas de amor desde la prisión
Gardado en:
| Main Authors: | , |
|---|---|
| Formato: | Libro |
| Idioma: | Lingua castelá |
| Publicado: |
Madrid
Trotta
1998
|
| Series: | Colección Estructuras y Procesos. Serie Religión
|
| Subjects: | |
| Tags: |
Engadir etiqueta
Sen Etiquetas, Sexa o primeiro en etiquetar este rexistro!
|
MARC
| LEADER | 00000nam a2200000 a 4500 | ||
|---|---|---|---|
| 001 | UCN0685 | ||
| 003 | CL-VaPUC | ||
| 008 | 010330e19980000SP |||||||||||||||||spa|d | ||
| 082 | 0 | 4 | |a 210 |b BON |2 21 |
| 100 | 0 | |a Bonhoeffer, Dietrich |e author |9 455864 | |
| 700 | 0 | |a Wedemeyer, Maria von |e author |9 455865 | |
| 245 | 1 | 0 | |a Cartas de amor desde la prisión |
| 300 | |a 318 p | ||
| 942 | |c BK | ||
| 945 | |d 20010330 00:00:00 |a cmena | ||
| 260 | |a Madrid |b Trotta |c 1998 | ||
| 650 | 0 | |a Teología |9 258766 | |
| 650 | 0 | |a Filosofía cristiana |9 265980 | |
| 650 | 0 | |a Creencia Religiosa |9 316904 | |
| 650 | 0 | |a Correspondencia |9 258963 | |
| 650 | 0 | |a Experiencia religiosa |9 315549 | |
| 583 | |a last modification |c 20010330 00:00:00 |k Rodrigo Vera | ||
| 490 | 0 | |a Colección Estructuras y Procesos. Serie Religión | |
| 999 | |c 294322 |d 294320 | ||
| 952 | |0 0 |1 0 |4 0 |6 210_000000000000000_BON_1998 |7 0 |8 A |9 346592 |a BIBTEO |b BIBTEO |d 2019-11-20 |i 3665739 |o 210 BON 1998 |p 3665739 |r 2025-01-17 |w 2019-11-20 |y BK |k ICR | ||
| 952 | |0 0 |1 0 |4 0 |6 210_000000000000000_BON_1998 |7 0 |8 A |9 346593 |a BIBTEO |b BIBTEO |d 2019-11-20 |i 3731197 |o 210 BON 1998 |p 3731197 |r 2025-01-17 |w 2019-11-20 |y BK |k ICR | ||